Essays and lectures chiefly on the religion of the hindus / (Record no. 167939)

MARC details
000 -LEADER
campo de control de longitud fija 00834nam a2200217 i 4500
001 - NÚMERO DE CONTROL
campo de control 167939
003 - IDENTIFICADOR DE NÚMERO DE CONTROL
campo de control ES-MaACL
005 - FECHA Y HORA DE LA ÚLTIMA TRANSACCIÓN
campo de control 20250812085439.0
008 - DATOS DE LONGITUD FIJA--INFORMACIÓN GENERAL
campo de control de longitud fija 050930s1862 xxk | |||||||| ||eng d
040 ## - FUENTE DE CATALOGACIÓN
Centro catalogador/agencia de origen CAM
Lengua de catalogación spa
Centro/agencia transcriptor CAM
100 1# - ENTRADA PRINCIPAL--NOMBRE DE PERSONA
Nombre de persona Wilson, Horace Hayman.
9 (RLIN) 133940
245 10 - MENCIÓN DEL TÍTULO
Título Essays and lectures chiefly on the religion of the hindus /
Mención de responsabilidad, etc. by the late H.H. Wilson; collected and edited by Reinhold Rost.
260 ## - PUBLICACIÓN, DISTRIBUCIÓN, ETC.
Lugar de publicación, distribución, etc. London :
Nombre del editor, distribuidor, etc. Trübner & co.,
Fecha de publicación, distribución, etc. 1862 (
Lugar de fabricación/manufactura Berlin :
Fabricante Unger Brothers)
300 ## - DESCRIPCIÓN FÍSICA
Extensión 2 v. (XII, 398 p.; 416 p.) ;
Dimensiones 23 cm.
490 1# - MENCIÓN DE SERIE
Mención de serie Works by the late Horace Hayman Wilson ;
Designación de volumen o secuencia 1; 2
650 #7 - PUNTO DE ACCESO ADICIONAL DE MATERIA--TÉRMINO DE MATERIA
Término de materia o nombre geográfico como elemento de entrada Hinduismo
Fuente del encabezamiento o término embne
9 (RLIN) 136230
700 1# - ENTRADA AGREGADA--NOMBRE PERSONAL
Nombre de persona Rost, Reinhold.
9 (RLIN) 132083
830 0# - PUNTO DE ACCESO ADICIONAL DE SERIE-TÍTULO UNIFORME
Título uniforme Works by the late Horace Hayman Wilson ;
Designación de volumen o secuencia 1; 2
9 (RLIN) 188774
852 ## - LOCALIZACIÓN
Ubicación ES-MaACL
Número de control de estantería G-11698-99
Nota libre -- Enc. tela
Holdings
Estatus retirado Estado de pérdida Estado de daño No para préstamo Colección Biblioteca de origen Biblioteca actual Ubicación en estantería Fecha de adquisición Total de préstamos Signatura topográfica completa Código de barras Visto por última vez Precio de reemplazo Tipo de ítem Koha
        Libros del s. XIX Biblioteca del Ateneo de Madrid Biblioteca del Ateneo de Madrid Sala Pecera Planta 3 17/01/2008   G-11698-99 1176187 23/02/2023 23/02/2023 Libro impreso antiguo